书目信息 |
| 题名: |
中央空调维护保养实用技术
|
|
| 作者: | 张林华 , 曲云霞 主编 | |
| 分册: | ||
| 出版信息: | 北京 中国建筑工业出版社 2003.07 |
|
| 页数: | 248页 | |
| 开本: | 26cm | |
| 丛书名: | ||
| 单 册: | ||
| 中图分类: | TU831.3 | |
| 科图分类: | ||
| 主题词: | 建筑--空气调节 , 房屋建筑设备:空气调节设备 , 房屋建筑设备:采暖设备 , 建筑--通风 , 房屋建筑设备:通风设备 | |
| 电子资源: | ||
| ISBN: | 7-112-05814-7 | |
| 000 | 00801nam0 2200253 45 | |
| 001 | 0438826197 | |
| 005 | 2004042710470619 | |
| 010 | @a7-112-05814-7@dCNY 21.00 | |
| 100 | @a20040427d2003 km y0chiy0120 ea | |
| 101 | 0 | @achi |
| 102 | @aCN@b110000 | |
| 200 | 1 | @a中央空调维护保养实用技术@Azhong yang kong diao wei hu bao yang shi yong ji shu@f张林华,曲云霞主编@FZhang Lin Hua,Qu Yun Xia Zhu Bian |
| 210 | @a北京@c中国建筑工业出版社@d2003.07 | |
| 215 | @a248页@d26cm | |
| 606 | 0 | @a建筑@x空气调节 |
| 606 | 0 | @a房屋建筑设备:空气调节设备 |
| 606 | 0 | @a房屋建筑设备:采暖设备 |
| 606 | 0 | @a建筑@x通风 |
| 606 | 0 | @a房屋建筑设备:通风设备 |
| 690 | @aTU831.3@v3 | |
| 701 | 0 | @a张林华@AZhang Lin Hua@4主编 |
| 701 | 0 | @a曲云霞@AQu Yun Xia@4主编 |
| 801 | 0 | @aCN@bPFT@c20040427 |
| 905 | @dTU831.3@eZ132 | |
| 中央空调维护保养实用技术/张林华,曲云霞主编.-北京:中国建筑工业出版社,2003.07 |
| 248页;26cm |
| ISBN 7-112-05814-7:CNY 21.00 |
| ● |
| 相关链接 |
|
|
|
正题名:中央空调维护保养实用技术
索取号:TU831.3/Z132
 
预约/预借
| 序号 | 登录号 | 条形码 | 馆藏地/架位号 | 状态 | 备注 |
| 1 | 392297 | 203922979 | 建筑库201/201建筑库 82排2列2层/ [索取号:TU831.3/Z132] | 在馆 | |
| 2 | 392298 | 203922988 | 建筑库201/201建筑库 82排2列2层/ [索取号:TU831.3/Z132] | 在馆 | |
| 3 | 392299 | 203922997 | 建筑库201/201建筑库 82排2列2层/ [索取号:TU831.3/Z132] | 在馆 |